|
|
แสดงรายละเอียดบรรณานุกรม |
|
|
Brief Record
: Get Marc (ISO 2709)
: E-mail record
: |
| LEADER 00000nama 2200000uu 4500 | |||
| 001 179439 | |||
| 003 ULIBM | |||
| 008 040531s2539 th m m a000 0 tha d | |||
| 020 974-631-313-4 | |||
| 041 tha | |||
| 050 WL102 ร442ป 2539 | |||
| 100 ราตรี สุดทรวง | |||
| 245 ประสาทสรีรวิทยา/ราตรี สุดทรวง 001 | |||
| 250 3 | |||
| 260 กรุงเทพฯ สำนักพิมพ์จุฬาลงกรณ์มหาวิทยาลัย 2539 | |||
| 300 496 หน้า | |||
| 650 ประสาท,สรีรวิทยา ระบบประสาท | |||
| 998 1998-11-05 | |||
| คุณยังไม่ได้ล็อกอิน คุณสามารถมีกิจกรรมร่วมกับเว็บไซต์ได้ แต่ต้องล็อกอินก่อน :: |
|
| สถานะ | |||||||||
| 1. | หนังสือทั่วไป สถานะ=อยู่บนชั้นแสดงหนังสือ | WL102 ร442ป 2539 | On Shelf ขอยืม | ||||||
| [แสดง 1/1 รายการ] | |||||||||
| รายการใกล้เคียง ผู้แต่ง [ราตรี สุดทรวง] |
BibComment |
| คอมเมนท์ทรัพยากรรายการนี้ |
|
|